[Event "EYCC 2017"]
[Site "Mamaia"]
[Date "2017.09.09"]
[Round "5"]
[White "Verbin, Valentina"]
[Black "Shafigullina, Zarina"]
[Result "1/2-1/2"]
[WhiteElo "1947"]
[BlackElo "2130"]
[Annotator "NA"]
[PlyCount "59"]
[EventDate "2017.??.??"]
[EventType "swiss"]
[EventCountry "ROU"]
[SourceTitle "playchess.com"]
[Source "ChessBase"]
[SourceQuality "1"]
[TimeControl "40/5400+30:1800+30"]

1. Nf3 {[%emt 0:00:00]} Nf6 {[%emt 0:00:13]} 2. g3 {[%emt 0:00:00]} e6 {[%emt 0:03:20]} 3. c4 {[%emt 0:00:01]} b6 {[%emt 0:00:21]} 4. Bg2 {[%emt 0:00:12]} Bb7 {[%emt 0:01:33]} 5. Nc3 {[%emt 0:00:33]} c5 {[%emt 0:01:06]} 6. O-O {[%emt 0:00:16]} Be7 {[%emt 0:00:23]} 7. d4 {[%emt 0:00:23]} cxd4 {[%emt 0:00:41]} 8. Qxd4 {[%emt 0:01:26]} O-O {[%emt 0:02:22]} 9. Bg5 {[%emt 0:00:56]} h6 {[%emt 0:03:16]} 10. Bxf6 {[%emt 0:00:49]} Bxf6 {[%emt 0:00:32]} 11. Qf4 {[%emt 0:00:30]} Nc6 {[%emt 0:15:04]} 12. Rad1 {[%emt 0:09:41]} Ne7 {[%emt 0:04:50]} 13. Ne5 {[%emt 0:12:53]} Bxe5 {[%emt 0:05:20]} 14. Qxe5 {[%emt 0:01:14]} Bxg2 {[%emt 0:00:07]} 15. Kxg2 {[%emt 0:00:02]} Nf5 {[%emt 0:00:19]} 16. e4 {[%emt 0:01:13]} d6 {[%emt 0:02:10]} 17. Qf4 {[%emt 0:00:56]} Nd4 {[%emt 0:00:35]} 18. Qd2 {[%emt 0:12:39]} e5 {[%emt 0:00:52]} 19. Nb5 {[%emt 0:17:21]} Nxb5 {[%emt 0:00:17]} 20. cxb5 {[%emt 0:00:02]} Qd7 {[%emt 0:00:43]} 21. Qb4 {[%emt 0:00:11]} Qe6 {[%emt 0:11:15]} 22. Rd5 {[%emt 0:06:05]} Rac8 {[%emt 0:03:59]} 23. Rfd1 {[%emt 0:13:29]} Rc5 {[%emt 0:06:34]} 24. b3 {[%emt 0:04:06]} Rd8 {[%emt 0:18:54]} 25. Qd2 {[%emt 0:04:45]} Rxd5 {[%emt 0:00:40]} 26. Qxd5 {[%emt 0:00:05]} Qxd5 {[%emt 0:00:16]} 27. Rxd5 {[%emt 0:00:04]} Kf8 {[%emt 0:01:14]} 28. Rd2 {[%emt 0:06:34]} Rd7 {[%emt 0:02:28]} 29. Rc2 {[%emt 0:00:20]} Ke7 30. Rc8 1/2-1/2

[Event "EYCC 2017"]
[Site "Mamaia"]
[Date "2017.09.09"]
[Round "5"]
[White "Can, Isil"]
[Black "Zhurova, Anna"]
[Result "1/2-1/2"]
[WhiteElo "1945"]
[BlackElo "1864"]
[Annotator "NA"]
[PlyCount "79"]
[EventDate "2017.??.??"]
[EventType "swiss"]
[EventCountry "ROU"]
[SourceTitle "playchess.com"]
[Source "ChessBase"]
[SourceQuality "1"]
[TimeControl "40/5400+30:1800+30"]

1. e4 {[%emt 0:00:00]} c5 {[%emt 0:00:24]} 2. Nf3 {[%emt 0:02:11]} d6 {[%emt 0:00:33]} 3. d4 {[%emt 0:00:06]} cxd4 {[%emt 0:00:39]} 4. Nxd4 {[%emt 0:00:09]} Nf6 {[%emt 0:00:37]} 5. Nc3 {[%emt 0:00:06]} g6 {[%emt 0:00:58]} 6. Be3 {[%emt 0:00:11]} Bg7 {[%emt 0:00:11]} 7. f3 {[%emt 0:00:12]} O-O {[%emt 0:04:31]} 8. Qd2 {[%emt 0:00:05]} Nc6 {[%emt 0:00:09]} 9. Bc4 {[%emt 0:00:08]} Bd7 {[%emt 0:00:08]} 10. h4 {[%emt 0:00:06]} Qa5 {[%emt 0:00:39]} 11. O-O-O {[%emt 0:00:37]} Rfc8 {[%emt 0:00:35]} 12. Bb3 {[%emt 0:00:13]} Ne5 {[%emt 0:00:19]} 13. h5 {[%emt 0:00:11]} Nxh5 {[%emt 0:01:37]} 14. Nd5 {[%emt 0:01:41]} Qxd2+ {[%emt 0:00:16]} 15. Rxd2 {[%emt 0:00:02]} Kf8 {[%emt 0:05:44]} 16. g4 {[%emt 0:00:43]} Nf6 {[%emt 0:00:08]} 17. Nxf6 {[%emt 0:08:25]} Bxf6 {[%emt 0:00:02]} 18. Rxh7 {[%emt 0:00:14]} Nc4 {[%emt 0:02:27]} 19. Bxc4 {[%emt 0:02:31]} Rxc4 {[%emt 0:00:06]} 20. c3 {[%emt 0:00:45]} Rac8 {[%emt 0:00:55]} 21. Nc2 {[%emt 0:05:54]} Kg8 {[%emt 0:03:59]} 22. Rdh2 {[%emt 0:00:16]} Ba4 {[%emt 0:00:11]} 23. Bxa7 {[%emt 0:21:59]} Bxc2 {[%emt 0:00:47]} 24. Kxc2 {[%emt 0:00:11]} Ra4 {[%emt 0:03:35]} 25. Be3 {[%emt 0:08:48]} Rxa2 {[%emt 0:05:11]} 26. Kb3 {[%emt 0:00:31]} Ra5 27. Bd4 {[%emt 0:03:25]} e5 {[%emt 0:05:12]} 28. Be3 {[%emt 0:00:46]} d5 {[%emt 0:00:46]} 29. exd5 {[%emt 0:10:48]} Rxd5 {[%emt 0:00:24]} 30. Bg5 {[%emt 0:13:56]} Bg7 {[%emt 0:00:54]} 31. Be7 {[%emt 0:00:17]} Rc7 {[%emt 0:03:28]} 32. Bb4 {[%emt 0:00:46]} b5 {[%emt 0:03:03]} 33. R7h3 {[%emt 0:01:57]} Rc4 {[%emt 0:00:55]} 34. Re2 {[%emt 0:02:10]} Rd1 {[%emt 0:04:27]} 35. Kc2 {[%emt 0:01:06]} Rd5 {[%emt 0:02:58]} 36. Re4 {[%emt 0:03:21]} Rdd4 {[%emt 0:09:05]} 37. Rxd4 {[%emt 0:01:26]} exd4 {[%emt 0:00:06]} 38. Kd3 {[%emt 0:00:28]} dxc3 {[%emt 0:00:39]} 39. Bxc3 {[%emt 0:02:42]} Bxc3 {[%emt 0:01:07]} 40. bxc3 {[%emt 0:00:00]} 1/2-1/2

[Event "EYCC 2017"]
[Site "Mamaia"]
[Date "2017.09.09"]
[Round "5"]
[White "Jakab, Kincso"]
[Black "Szucs, Edina"]
[Result "0-1"]
[WhiteElo "1944"]
[BlackElo "2023"]
[Annotator "NA"]
[PlyCount "56"]
[EventDate "2017.??.??"]
[EventType "swiss"]
[EventCountry "ROU"]
[SourceTitle "playchess.com"]
[Source "ChessBase"]
[SourceQuality "1"]
[TimeControl "40/5400+30:1800+30"]

1. e4 {[%emt 0:00:00]} e5 {[%emt 0:00:10]} 2. Bc4 {[%emt 0:00:00]} Nc6 {[%emt 0:00:36]} 3. Nc3 {[%emt 0:00:16]} Nf6 {[%emt 0:00:16]} 4. d3 {[%emt 0:00:44]} Bc5 {[%emt 0:00:27]} 5. f4 {[%emt 0:00:59]} d6 {[%emt 0:02:53]} 6. Nf3 {[%emt 0:01:31]} Bg4 {[%emt 0:01:37]} 7. h3 {[%emt 0:03:02]} Bxf3 {[%emt 0:02:03]} 8. Qxf3 {[%emt 0:01:20]} Nd4 {[%emt 0:00:45]} 9. Qd1 {[%emt 0:01:02]} Qe7 {[%emt 0:07:57]} 10. f5 {[%emt 0:07:57]} Nd7 {[%emt 0:10:16]} 11. h4 {[%emt 0:05:41]} Nb6 {[%emt 0:00:39]} 12. Nd5 {[%emt 0:07:53]} Nxd5 {[%emt 0:01:13]} 13. Bxd5 {[%emt 0:00:10]} c6 {[%emt 0:00:12]} 14. Bb3 {[%emt 0:00:08]} O-O-O {[%emt 0:02:53]} 15. c3 {[%emt 0:16:45]} Nxb3 {[%emt 0:02:45]} 16. Qxb3 {[%emt 0:00:06]} d5 {[%emt 0:01:02]} 17. Bd2 {[%emt 0:01:11]} dxe4 {[%emt 0:00:28]} 18. dxe4 {[%emt 0:00:16]} Bf2+ {[%emt 0:11:59]} 19. Ke2 {[%emt 0:03:51]} Bxh4 {[%emt 0:05:45]} 20. Rad1 {[%emt 0:03:18]} Bg5 {[%emt 0:02:18]} 21. Rh5 {[%emt 0:02:18]} Rxd2+ {[%emt 0:01:36]} 22. Rxd2 {[%emt 0:00:13]} Bxd2 {[%emt 0:00:06]} 23. Kxd2 {[%emt 0:00:09]} g6 {[%emt 0:00:24]} 24. fxg6 {[%emt 0:01:16]} Rd8+ {[%emt 0:03:19]} 25. Ke2 {[%emt 0:06:41]} hxg6 {[%emt 0:00:30]} 26. Rh7 {[%emt 0:12:58]} Qg5 {[%emt 0:01:03]} 27. Rxf7 {[%emt 0:05:45]} Rd2+ {[%emt 0:03:35]} 28. Ke1 {[%emt 0:00:34]} Qe3+ 0-1

[Event "EYCC 2017"]
[Site "Mamaia"]
[Date "2017.09.09"]
[Round "5"]
[White "Wikar, Martyna"]
[Black "Hakobyan, Astghik"]
[Result "1-0"]
[WhiteElo "1943"]
[BlackElo "1708"]
[Annotator "NA"]
[PlyCount "109"]
[EventDate "2017.??.??"]
[EventType "swiss"]
[EventCountry "ROU"]
[SourceTitle "playchess.com"]
[Source "ChessBase"]
[SourceQuality "1"]
[TimeControl "40/5400+30:1800+30"]

1. e4 {[%emt 0:00:00]} e6 {[%emt 0:00:05]} 2. d4 {[%emt 0:00:00]} d5 {[%emt 0:00:04]} 3. Nd2 {[%emt 0:00:03]} c5 {[%emt 0:00:07]} 4. exd5 {[%emt 0:00:11]} Qxd5 {[%emt 0:01:03]} 5. Ngf3 {[%emt 0:00:19]} cxd4 {[%emt 0:00:37]} 6. Bc4 {[%emt 0:00:13]} Qd6 {[%emt 0:00:17]} 7. O-O {[%emt 0:00:32]} Nf6 {[%emt 0:00:17]} 8. Nb3 {[%emt 0:02:03]} Nc6 {[%emt 0:00:29]} 9. Nbxd4 {[%emt 0:03:57]} Nxd4 {[%emt 0:00:22]} 10. Nxd4 {[%emt 0:01:09]} a6 {[%emt 0:00:38]} 11. c3 {[%emt 0:01:09]} Be7 {[%emt 0:01:18]} 12. Qe2 {[%emt 0:01:58]} O-O {[%emt 0:00:42]} 13. Re1 {[%emt 0:04:52]} b5 {[%emt 0:03:29]} 14. Bb3 {[%emt 0:01:20]} Bb7 {[%emt 0:00:57]} 15. Bg5 {[%emt 0:04:11]} Ne4 {[%emt 0:11:09]} 16. Bxe7 {[%emt 0:05:00]} Qxe7 {[%emt 0:00:10]} 17. Bc2 {[%emt 0:03:19]} Nf6 {[%emt 0:03:59]} 18. Rad1 {[%emt 0:03:46]} Rfd8 {[%emt 0:04:43]} 19. Rd3 {[%emt 0:10:30]} Qc5 {[%emt 0:28:24]} 20. Bb3 {[%emt 0:09:16]} e5 {[%emt 0:14:03]} 21. Nc2 {[%emt 0:10:37]} e4 {[%emt 0:07:55]} 22. Rxd8+ {[%emt 0:03:05]} Rxd8 {[%emt 0:00:10]} 23. Nd4 {[%emt 0:02:01]} b4 {[%emt 0:02:50]} 24. Qe3 {[%emt 0:04:11]} bxc3 {[%emt 0:01:26]} 25. bxc3 {[%emt 0:00:50]} Rc8 {[%emt 0:04:55]} 26. Rc1 {[%emt 0:06:18]} Qe5 {[%emt 0:02:30]} 27. Nf3 {[%emt 0:07:20]} Qe7 {[%emt 0:03:47]} 28. Ng5 {[%emt 0:02:46]} Rf8 {[%emt 0:01:21]} 29. Rd1 {[%emt 0:06:24]} h6 {[%emt 0:01:45]} 30. Nh3 {[%emt 0:01:17]} Rc8 {[%emt 0:02:45]} 31. Nf4 {[%emt 0:01:19]} Kh8 {[%emt 0:01:49]} 32. h3 {[%emt 0:01:09]} Qc7 {[%emt 0:00:30]} 33. Ne2 {[%emt 0:00:55]} Re8 {[%emt 0:01:15]} 34. Rd4 {[%emt 0:01:04]} Bc8 {[%emt 0:00:42]} 35. Ng3 {[%emt 0:00:37]} Qb7 {[%emt 0:00:42]} 36. Qf4 {[%emt 0:01:09]} Be6 {[%emt 0:00:23]} 37. Nxe4 {[%emt 0:01:22]} Nh5 {[%emt 0:00:29]} 38. Qe5 {[%emt 0:01:02]} Qb5 {[%emt 0:00:40]} 39. Qxb5 {[%emt 0:00:23]} axb5 {[%emt 0:00:06]} 40. Nd6 {[%emt 0:00:00]} Rf8 {[%emt 0:00:40]} 41. Nxb5 {[%emt 0:02:04]} Rb8 {[%emt 0:00:34]} 42. Bxe6 {[%emt 0:00:36]} fxe6 {[%emt 0:00:08]} 43. a4 {[%emt 0:00:55]} Nf6 {[%emt 0:00:32]} 44. c4 {[%emt 0:05:27]} e5 {[%emt 0:00:52]} 45. Rd1 {[%emt 0:01:06]} Ra8 {[%emt 0:01:22]} 46. Ra1 {[%emt 0:01:05]} Nd7 {[%emt 0:00:42]} 47. a5 {[%emt 0:02:01]} Nc5 {[%emt 0:00:36]} 48. Nc7 {[%emt 0:01:58]} Ra7 {[%emt 0:00:43]} 49. a6 {[%emt 0:02:00]} Kg8 {[%emt 0:01:11]} 50. Ra5 {[%emt 0:01:33]} Nb3 {[%emt 0:00:26]} 51. Nb5 {[%emt 0:02:42]} Ra8 {[%emt 0:02:58]} 52. Ra3 {[%emt 0:00:47]} Nd2 {[%emt 0:00:43]} 53. c5 {[%emt 0:00:59]} Ne4 {[%emt 0:00:41]} 54. a7 {[%emt 0:00:42]} Nxc5 {[%emt 0:02:22]} 55. Nc7 {[%emt 0:00:12]} 1-0

[Event "EYCC 2017"]
[Site "Mamaia"]
[Date "2017.09.09"]
[Round "5"]
[White "Lehaci, Miruna-Daria"]
[Black "Krasteva, Beloslava"]
[Result "0-1"]
[WhiteElo "1914"]
[BlackElo "2048"]
[Annotator "NA"]
[PlyCount "53"]
[EventDate "2017.??.??"]
[EventType "swiss"]
[EventCountry "ROU"]
[SourceTitle "playchess.com"]
[Source "ChessBase"]
[SourceQuality "1"]
[TimeControl "40/5400+30:1800+30"]

1. e4 {[%emt 0:00:00]} c5 {[%emt 0:00:17]} 2. Nf3 {[%emt 0:00:00]} d6 {[%emt 0:00:20]} 3. d4 {[%emt 0:00:00]} cxd4 {[%emt 0:00:21]} 4. Nxd4 {[%emt 0:00:00]} Nf6 {[%emt 0:00:21]} 5. Nc3 {[%emt 0:00:00]} a6 {[%emt 0:00:24]} 6. Bc4 {[%emt 0:00:03]} e6 {[%emt 0:00:40]} 7. Bb3 {[%emt 0:00:06]} Nbd7 {[%emt 0:00:40]} 8. Bg5 {[%emt 0:00:10]} Nc5 {[%emt 0:02:48]} 9. f4 {[%emt 0:02:57]} Be7 {[%emt 0:05:15]} 10. Qf3 {[%emt 0:02:05]} Qc7 {[%emt 0:05:59]} 11. O-O {[%emt 0:05:58]} b5 {[%emt 0:06:09]} 12. f5 {[%emt 0:16:19]} Nxb3 {[%emt 0:08:36]} 13. axb3 {[%emt 0:02:14]} b4 {[%emt 0:06:11]} 14. e5 {[%emt 0:24:32]} Bb7 {[%emt 0:07:10]} 15. Ndb5 {[%emt 0:16:03]} Qc8 {[%emt 0:16:41]} 16. Qe2 {[%emt 0:01:38]} dxe5 {[%emt 0:04:36]} 17. fxe6 {[%emt 0:05:53]} bxc3 {[%emt 0:09:33]} 18. Bxf6 {[%emt 0:06:15]} gxf6 {[%emt 0:07:59]} 19. Qh5 {[%emt 0:03:50]} Qc5+ {[%emt 0:01:56]} 20. Kh1 {[%emt 0:00:20]} axb5 {[%emt 0:06:22]} 21. exf7+ {[%emt 0:06:12]} Kf8 {[%emt 0:02:30]} 22. Rad1 {[%emt 0:02:58]} Bd5 {[%emt 0:02:45]} 23. Qh6+ {[%emt 0:00:56]} Kxf7 {[%emt 0:00:12]} 24. Qh5+ {[%emt 0:00:18]} Kg7 {[%emt 0:01:15]} 25. bxc3 {[%emt 0:00:42]} Rhg8 {[%emt 0:00:49]} 26. Rd3 {[%emt 0:00:29]} Kh8 {[%emt 0:00:46]} 27. Qd1 0-1

[Event "EYCC 2017"]
[Site "Mamaia"]
[Date "2017.09.09"]
[Round "5"]
[White "Dwilewicz, Katarzyna"]
[Black "Balajayeva, Khanim"]
[Result "1/2-1/2"]
[WhiteElo "1884"]
[BlackElo "2342"]
[Annotator "TA"]
[PlyCount "62"]
[EventDate "2017.??.??"]
[EventType "swiss"]
[EventCountry "ROU"]
[SourceTitle "playchess.com"]
[Source "ChessBase"]
[SourceQuality "1"]

{[%evp 22,62,36,38,61,10,29,10,0,-20,0,-10,0,0,150,-15,177,164,171,163,186,183,473,472,440,375,369,149,149,151,329,0,0,0,321,0,0,0,311,318,321,308,364]} 1. e4 e5 2. Nf3 Nc6 3. Bb5 Nge7 4. O-O g6 5. c3 a6 6. Ba4 Bg7 7. d4 exd4 8. cxd4 b5 {C60: Ruy Lopez: Unusual Black 3rd moves and 3...g6} 9. Bc2 O-O (9... d6 10. d5 Na5 11. Nbd2 O-O 12. Rb1 c6 13. dxc6 Naxc6 14. a3 {½-½ (14) Dominguez Perez,L (2739)-Grischuk,A (2737) Doha 2016}) 10. h3 d6 11. Nc3 Bb7 12. Re1 {LiveBook: 6 Games} Na5 13. Bg5 ({Better is} 13. Ne2 $14) 13... h6 $11 14. Bxe7 $146 ({Find the theoretical novelty and annotate with similar games:} 14. Bh4 Qd7 15. Qe2 Nc4 16. Bb3 {0-1 (49) Faerber,D (2211)-Karpatchev,A (2513) Neustadt an der Weinstrasse 2017}) 14... Qxe7 15. Nd5 Qd7 16. Rc1 Nc4 17. Bb3 f5 (17... Bxd5 $11 18. exd5 Nb6) 18. Qc2 $2 ({Only move:} 18. Bxc4 $16 bxc4 19. Rxc4) 18... fxe4 $2 (18... Qf7 $1 $11 19. Nc3 Rae8) 19. Qxe4 $18 (19. Bxc4 $6 bxc4 20. Qxe4 Kh7 $14) 19... Kh7 {[#]} 20. Bc2 $1 ({Don't do} 20. Bxc4 $6 bxc4 21. b3 (21. Rxc4 $2 Qb5 $19) 21... Rae8 $16) 20... Qf7 {[#]} 21. Qh4 $1 {Threatens to win with Ng5+.} Bf6 $2 (21... Qxd5 {was necessary.} 22. Be4 Qg8) 22. Nxf6+ Qxf6 23. Re7+ Kg8 {...g5 would now be nice for Black.} 24. Rxc7 (24. Rce1 $18 {is more deadly.} g5 25. Qh5) 24... Bxf3 $16 25. Qxh6 {[%csl Gc7][%cal Rh6h7]} Rfc8 $2 (25... Rf7 $16 26. Rxf7 Kxf7) 26. Qh7+ $2 (26. Rxc8+ $18 Rxc8 27. gxf3) 26... Kf8 $11 {Hoping for ...Rxc7.} 27. Qh6+ $2 $40 {[%mdl 8320] White is up to no good.} (27. Rxc8+ $11 Rxc8 28. Qh6+ (28. Bxg6 Bxg2 29. Kxg2 Ne3+ 30. fxe3 Rxc1 $11) 28... Kf7 29. Qh7+ Qg7 30. Bxg6+ Kf6 31. Qxg7+ Kxg7 32. Bf5) 27... Kg8 $1 $18 28. Qh7+ $2 ({White must play} 28. Rxc8+ $18 Rxc8 29. gxf3) 28... Kf8 $11 {aiming for ...Rxc7.} 29. Qh6+ $2 {[%mdl 8192]} (29. Rd7 $11 Bc6 30. Qh6+ Kg8 31. Qh7+ Kf8 32. Qh6+ Kg8 33. Qh7+ Kf8) 29... Kg8 $1 $18 30. Rxc8+ Rxc8 31. gxf3 Rc7 {[%mdl 32768] Precision: White = 32%, Black = 22%. . An unexpected result.} 1/2-1/2

[Event "EYCC 2017"]
[Site "Mamaia"]
[Date "2017.09.09"]
[Round "5"]
[White "Grigoryan, Arpine"]
[Black "Represa Perez, Mireya"]
[Result "1/2-1/2"]
[WhiteElo "1865"]
[BlackElo "2082"]
[Annotator "NA"]
[PlyCount "80"]
[EventDate "2017.??.??"]
[EventType "swiss"]
[EventCountry "ROU"]
[SourceTitle "playchess.com"]
[Source "ChessBase"]
[SourceQuality "1"]
[TimeControl "40/5400+30:1800+30"]

1. e4 {[%emt 0:00:00]} c5 {[%emt 0:00:05]} 2. Nf3 {[%emt 0:00:00]} d6 {[%emt 0:00:04]} 3. Bb5+ {[%emt 0:00:00]} Nd7 {[%emt 0:00:06]} 4. a4 {[%emt 0:00:17]} a6 {[%emt 0:03:08]} 5. Bc4 {[%emt 0:00:15]} Ngf6 {[%emt 0:01:59]} 6. Nc3 {[%emt 0:04:23]} e6 {[%emt 0:03:27]} 7. O-O {[%emt 0:00:56]} Be7 {[%emt 0:00:23]} 8. d4 {[%emt 0:00:34]} cxd4 {[%emt 0:01:32]} 9. Nxd4 {[%emt 0:00:06]} O-O {[%emt 0:08:18]} 10. Bxe6 {[%emt 0:03:25]} fxe6 {[%emt 0:00:25]} 11. Nxe6 {[%emt 0:00:07]} Qa5 {[%emt 0:02:50]} 12. Nxf8 {[%emt 0:00:10]} Nxf8 {[%emt 0:03:18]} 13. Re1 {[%emt 0:08:17]} Be6 {[%emt 0:04:08]} 14. Nd5 {[%emt 0:06:36]} Bxd5 {[%emt 0:13:02]} 15. exd5 {[%emt 0:00:08]} Ng6 {[%emt 0:00:22]} 16. c4 {[%emt 0:00:53]} Rc8 {[%emt 0:01:47]} 17. b3 {[%emt 0:03:52]} Nd7 {[%emt 0:09:49]} 18. Bb2 {[%emt 0:10:20]} Nde5 {[%emt 0:05:27]} 19. Bxe5 {[%emt 0:18:08]} Nxe5 {[%emt 0:10:00]} 20. f4 {[%emt 0:00:42]} Ng6 {[%emt 0:01:56]} 21. Qg4 {[%emt 0:00:47]} Qc5+ {[%emt 0:03:53]} 22. Kh1 {[%emt 0:00:19]} Kh8 {[%emt 0:02:05]} 23. Re6 {[%emt 0:08:31]} Rf8 {[%emt 0:01:55]} 24. Rae1 {[%emt 0:00:37]} Qf2 {[%emt 0:01:32]} 25. g3 {[%emt 0:02:06]} Bf6 {[%emt 0:05:53]} 26. Qe2 {[%emt 0:01:33]} Qc5 {[%emt 0:06:01]} 27. Re8 {[%emt 0:04:22]} b5 {[%emt 0:03:25]} 28. f5 {[%emt 0:00:34]} Be5 {[%emt 0:00:23]} 29. Re6 {[%emt 0:06:46]} Rxf5 {[%emt 0:00:43]} 30. Rf1 {[%emt 0:00:15]} Rf8 {[%emt 0:02:01]} 31. Rxf8+ {[%emt 0:00:41]} Nxf8 32. Re8 {[%emt 0:00:58]} Kg8 {[%emt 0:00:21]} 33. Qf3 {[%emt 0:00:47]} Bf6 {[%emt 0:01:14]} 34. Qf5 {[%emt 0:00:22]} Kf7 {[%emt 0:01:43]} 35. Rb8 {[%emt 0:05:40]} bxc4 {[%emt 0:01:30]} 36. Qe4 {[%emt 0:00:35]} Be5 {[%emt 0:01:52]} 37. Qf5+ {[%emt 0:10:38]} Bf6 {[%emt 0:00:06]} 38. Qe4 {[%emt 0:01:06]} Be5 {[%emt 0:00:10]} 39. Qf5+ {[%emt 0:00:24]} Bf6 {[%emt 0:00:06]} 40. Qe4 {[%emt 0:00:00]} Be5 {[%emt 0:00:14]} 1/2-1/2

[Event "EYCC 2017"]
[Site "Mamaia"]
[Date "2017.09.09"]
[Round "5"]
[White "Vidruk, Mariia"]
[Black "Aubert, Estee"]
[Result "0-1"]
[WhiteElo "1848"]
[BlackElo "1800"]
[Annotator "NA"]
[PlyCount "104"]
[EventDate "2017.??.??"]
[EventType "swiss"]
[EventCountry "ROU"]
[SourceTitle "playchess.com"]
[Source "ChessBase"]
[SourceQuality "1"]
[TimeControl "40/5400+30:1800+30"]

1. e4 {[%emt 0:00:00]} c5 {[%emt 0:00:04]} 2. c3 {[%emt 0:00:00]} Nf6 {[%emt 0:00:09]} 3. e5 {[%emt 0:00:00]} Nd5 {[%emt 0:00:06]} 4. d4 {[%emt 0:00:03]} cxd4 {[%emt 0:00:10]} 5. cxd4 {[%emt 0:00:10]} e6 {[%emt 0:00:12]} 6. Nf3 {[%emt 0:00:13]} d6 {[%emt 0:00:10]} 7. Bc4 {[%emt 0:00:25]} Be7 {[%emt 0:00:12]} 8. O-O {[%emt 0:00:36]} O-O {[%emt 0:00:07]} 9. Bd2 {[%emt 0:00:56]} b6 {[%emt 0:00:56]} 10. Nc3 {[%emt 0:00:53]} Nxc3 {[%emt 0:03:16]} 11. Bxc3 {[%emt 0:00:35]} Bb7 {[%emt 0:00:55]} 12. Re1 {[%emt 0:04:56]} Nd7 {[%emt 0:04:05]} 13. Qe2 {[%emt 0:08:31]} Rc8 {[%emt 0:03:03]} 14. Bb3 {[%emt 0:02:37]} dxe5 {[%emt 0:02:28]} 15. dxe5 {[%emt 0:00:52]} Nc5 {[%emt 0:01:15]} 16. Rad1 {[%emt 0:16:54]} Qc7 {[%emt 0:00:39]} 17. Bc2 {[%emt 0:01:56]} a5 {[%emt 0:00:34]} 18. Qe3 {[%emt 0:07:04]} Bd5 {[%emt 0:03:54]} 19. Nd4 {[%emt 0:06:22]} Qb7 {[%emt 0:02:01]} 20. Qh3 {[%emt 0:00:37]} Be4 {[%emt 0:02:34]} 21. Bxe4 {[%emt 0:01:19]} Nxe4 {[%emt 0:00:10]} 22. Qf3 {[%emt 0:02:37]} Nc5 {[%emt 0:00:44]} 23. Qg4 {[%emt 0:02:23]} Rfd8 {[%emt 0:01:31]} 24. Nb5 {[%emt 0:03:04]} Rxd1 {[%emt 0:04:32]} 25. Rxd1 {[%emt 0:00:26]} Qe4 {[%emt 0:00:15]} 26. Qxe4 {[%emt 0:08:34]} Nxe4 {[%emt 0:00:04]} 27. f3 {[%emt 0:09:02]} Nxc3 {[%emt 0:05:05]} 28. Nxc3 {[%emt 0:00:15]} Rc5 {[%emt 0:10:00]} 29. f4 {[%emt 0:01:20]} Rc4 {[%emt 0:02:58]} 30. g3 {[%emt 0:03:19]} g5 {[%emt 0:00:14]} 31. Rf1 {[%emt 0:01:31]} Rd4 {[%emt 0:02:46]} 32. Kg2 {[%emt 0:04:18]} h6 {[%emt 0:05:25]} 33. Kf3 {[%emt 0:01:35]} Bc5 {[%emt 0:01:51]} 34. Rd1 {[%emt 0:01:01]} Rc4 {[%emt 0:03:26]} 35. Rd2 {[%emt 0:01:46]} Kg7 {[%emt 0:00:55]} 36. Ne4 {[%emt 0:00:54]} g4+ {[%emt 0:00:12]} 37. Kxg4 {[%emt 0:01:38]} Rxe4 {[%emt 0:00:03]} 38. h4 {[%emt 0:00:48]} a4 {[%emt 0:01:37]} 39. Rc2 {[%emt 0:01:11]} Rb4 {[%emt 0:00:25]} 40. Rd2 {[%emt 0:00:00]} Bd4 {[%emt 0:01:22]} 41. a3 {[%emt 0:01:45]} Rc4 {[%emt 0:00:26]} 42. Kf3 {[%emt 0:00:45]} Bc5 {[%emt 0:00:31]} 43. g4 {[%emt 0:01:06]} Rd4 {[%emt 0:00:28]} 44. Rc2 {[%emt 0:01:51]} Rd3+ {[%emt 0:00:05]} 45. Kg2 {[%emt 0:00:12]} Be3 {[%emt 0:01:23]} 46. Kf3 {[%emt 0:01:16]} Bc5+ {[%emt 0:00:51]} 47. Kg2 {[%emt 0:00:06]} Rb3 {[%emt 0:01:07]} 48. f5 {[%emt 0:00:54]} Re3 {[%emt 0:03:05]} 49. f6+ {[%emt 0:00:31]} Kg6 {[%emt 0:00:19]} 50. Rc4 {[%emt 0:00:55]} Rxe5 {[%emt 0:02:00]} 51. Rxa4 {[%emt 0:00:24]} Re2+ {[%emt 0:00:16]} 52. Kf3 {[%emt 0:00:34]} Rxb2 {[%emt 0:01:00]} 0-1

[Event "EYCC 2017"]
[Site "Mamaia"]
[Date "2017.09.09"]
[Round "5"]
[White "Pawicka, Magdalena"]
[Black "Mustu, Hatice Asli"]
[Result "1/2-1/2"]
[WhiteElo "1826"]
[BlackElo "1365"]
[Annotator "NA"]
[PlyCount "49"]
[EventDate "2017.??.??"]
[EventType "swiss"]
[EventCountry "ROU"]
[SourceTitle "playchess.com"]
[Source "ChessBase"]
[SourceQuality "1"]
[TimeControl "40/5400+30:1800+30"]

1. e4 {[%emt 0:00:00]} c5 {[%emt 0:00:09]} 2. Nf3 {[%emt 0:00:00]} e6 {[%emt 0:00:09]} 3. d4 {[%emt 0:00:00]} cxd4 {[%emt 0:00:07]} 4. Nxd4 {[%emt 0:00:00]} Nf6 {[%emt 0:00:14]} 5. Nc3 {[%emt 0:00:29]} d6 {[%emt 0:00:26]} 6. Bd3 {[%emt 0:05:35]} a6 {[%emt 0:01:31]} 7. O-O {[%emt 0:03:40]} Be7 {[%emt 0:02:37]} 8. Qe2 {[%emt 0:03:50]} O-O {[%emt 0:01:46]} 9. Be3 {[%emt 0:06:34]} b6 {[%emt 0:08:18]} 10. Rae1 {[%emt 0:03:09]} Bb7 {[%emt 0:03:27]} 11. f4 {[%emt 0:03:47]} Nbd7 {[%emt 0:02:26]} 12. Nb3 {[%emt 0:07:18]} b5 {[%emt 0:03:44]} 13. a3 {[%emt 0:01:48]} Nc5 {[%emt 0:01:56]} 14. Bf2 {[%emt 0:07:53]} Nxd3 {[%emt 0:05:13]} 15. cxd3 {[%emt 0:01:39]} Rc8 {[%emt 0:02:22]} 16. Nd4 {[%emt 0:06:14]} Re8 {[%emt 0:08:03]} 17. g4 {[%emt 0:04:54]} Nd7 {[%emt 0:13:35]} 18. g5 {[%emt 0:03:26]} e5 19. Nf5 {[%emt 0:08:48]} exf4 {[%emt 0:15:35]} 20. Nxe7+ {[%emt 0:01:17]} Qxe7 {[%emt 0:00:33]} 21. h4 {[%emt 0:00:15]} Ne5 {[%emt 0:00:24]} 22. Bd4 {[%emt 0:01:06]} f3 {[%emt 0:00:02]} 23. Qe3 {[%emt 0:01:05]} Qe6 {[%emt 0:00:31]} 24. Rxf3 {[%emt 0:06:08]} Nxf3+ {[%emt 0:01:09]} 25. Qxf3 1/2-1/2